Laktózmentes, gluténmentes és cukormentes édességek bemutatása a Zelenák Sütiház példáján keresztül

Bibliográfiai részletek
Szerző: Schweigert Szimonetta
További közreműködők: Lenkovics Beatrix
Dokumentumtípus: Diplomadolgozat
Kulcsszavak:Zelenák
Laktózmentes
Gluténmentes
Cukorbetegség
Online Access:http://dolgozattar.uni-bge.hu/6137

MARC

LEADER 00000nta a2200000 i 4500
001 dolg6137
005 20160704110534.0
008 160511suuuu hu om 000 hun d
040 |a BGE Dolgozattár Repozitórium  |b hun 
041 |a hu 
100 1 |a Schweigert Szimonetta 
245 1 0 |a Laktózmentes, gluténmentes és cukormentes édességek bemutatása a Zelenák Sütiház példáján keresztül  |c Schweigert Szimonetta  |h [elektronikus dokumentum] 
246 1 1 |a Laktózmentes, gluténmentes és cukormentes édességek bemutatása a Zelenák Sütiház példáján keresztül 
695 |a Zelenák 
695 |a Laktózmentes 
695 |a Gluténmentes 
695 |a Cukorbetegség 
700 1 |a Lenkovics Beatrix  |e ths 
856 4 0 |u http://dolgozattar.uni-bge.hu/6137/1/20160511_szimi%20szakdoga_20160511_K%C3%89SZ.pdf  |z Dokumentum-elérés